00476 2200181 4500001002100000005001500021035002000036008004100056245004600097100001800143260003700161300001200198020002200210084001500232082000800247650002000255990001900275INLIS00000000000138720240823104559 a0010-0724001387240823 0 ind 1 aWizards Of Waverly Place /cPustaka Lebah aPustaka Lebah aSurabaya :bPustaka Lebah,c2011 a39 hlm. a978-979-3973-75-3 a811 DIS w a811 4aAnatomi Manusia aP29/CP/24/1387